| 000 | 01160nam a2200301 i 4500 | ||
|---|---|---|---|
| 001 | 000025354 | ||
| 003 | DO-SdBNP | ||
| 005 | 20241121090125.0 | ||
| 007 | ta | ||
| 008 | 110215s1991 dr a 000 0 spa d | ||
| 040 |
_aDO-SdBNP _bspa _cBNPHU _erda |
||
| 041 | _aspa | ||
| 082 | 4 |
_a972.9381 _bC762h _222 |
|
| 100 |
_aContín Alfau, Melchor _eautor _4aut. _951922 |
||
| 245 | 1 | 3 |
_aEl Hato Mayor del Rey : _breseña histórico-geográfica tradicional y religiosa / _cMelchor Contín Alfau. |
| 264 | 4 |
_aSanto Domingo : _bEditora Taller, _c©1991. |
|
| 300 |
_a219 páginas : _bilustraciones ; _c21 cm. |
||
| 336 |
_atexto _btxt _2rdacontent |
||
| 337 |
_asin mediación _bn _2rdamedia |
||
| 338 |
_avolumen _bnc _2rdacarrier |
||
| 590 | _aInventariado, 2024/ YL | ||
| 650 | 4 |
_aCiudades y pueblos _zRepública Dominicana _9784 |
|
| 651 | 4 |
_aHato Mayor Del Rey (República Dominicana{Rpara} _xHistoria Local _944106 |
|
| 651 | 4 |
_aHato Mayor Del Rey (República Dominicana{Rpara} _xGeografía _951923 |
|
| 651 | 4 |
_aHato Mayor Del Rey (República Dominicana{Rpara} _xVida Social Y Costumbres _951902 |
|
| 910 | _aValidado. Control de calidad BNPHU | ||
| 942 |
_2ddc _cLBS1 |
||
| 999 |
_c24846 _d24846 |
||